[Event "AUTO-MASTER-2628"]
[Site "http://www.queenalice.com/game.php?id=1509515"]
[Date "2017.12.27"]
[Round "2"]
[White "ocbruno"]
[Black "Zanocovsky"]
[Result "1-0"]
[WhiteElo "2185"]
[BlackElo "1702"]

1. e4 c5 2. Nf3 d6 3. Bc4 e6 4. O-O Be7 5. Nc3 a6 6. a4 Qc7 7. d3 Nc6 8. Re1 Nf6
9. d4 cxd4 10. Nxd4 O-O 11. Bg5 Nxd4 12. Qxd4 e5 13. Qd3 Be6 14. Bxe6 fxe6 15.
Qh3 Qd7 16. Bxf6 Rxf6 17. Nd5 Rh6 18. Qg4 Bd8 19. b3 Qf7 20. Ne3 Rg6 21. Qe2 Bg5
22. Nc4 Rd8 23. Rad1 Be7 24. Rd3 b5 25. axb5 axb5 26. Nd2 Qf6 27. Rf3 Qg5 28.
Rg3 Qf6 29. Qxb5 Rf8 30. Rf1 Qf7 31. Qa6 d5 32. Nf3 Rxg3 33. fxg3 Qf6 34. Nd2
Qh6 35. Rxf8+ Kxf8 36. Qf1+ Bf6 37. Nf3 Qe3+ 38. Kh1 Ke7 39. exd5 exd5 40. Nh4
Bxh4 41. gxh4 1-0

[Event "AUTO-MASTER-2705"]
[Site "http://www.queenalice.com/game.php?id=1519926"]
[Date "2018.3.17"]
[Round "1"]
[White "SubRoger"]
[Black "ocbruno"]
[Result "0-1"]
[WhiteElo "2038"]
[BlackElo "2168"]

1. d4 d5 2. Bf4 Nf6 3. h3 Nc6 4. Nf3 h6 5. e3 Bf5 6. Bd3 Ne4 7. O-O g5 8. Bh2 h5
9. Bxe4 dxe4 10. Ne5 Nxe5 11. Bxe5 f6 12. Bh2 Qd7 13. c4 h4 14. Nc3 Rg8 15. Nb5
Kf7 16. Nxc7 Rc8 17. Qb3 Rxc7 18. Bxc7 Qxc7 19. Rfd1 g4 20. c5+ e6 21. Kh1 g3
22. Rf1 Bxh3 23. f4 exf3 24. Rxf3 Bg4 25. Rf4 Bh6 26. Raf1 Bxf4 27. Rxf4 h3 28.
d5 exd5 29. Qxd5+ Be6 30. Qh5+ Kg7 31. Qf3 hxg2+ 32. Kxg2 Qe5 33. Qxb7+ Kg6 34.
Qe4+ Qxe4+ 35. Rxe4 Bd5 0-1

[Event "AUTO-MASTER-2705"]
[Site "http://www.queenalice.com/game.php?id=1519927"]
[Date "2018.3.17"]
[Round "1"]
[White "ocbruno"]
[Black "SubRoger"]
[Result "0-1"]
[WhiteElo "2185"]
[BlackElo "2023"]

1. e4 e6 2. d4 d5 3. Nc3 c5 4. Bf4 Nc6 5. Nf3 dxe4 6. Nxe4 cxd4 7. Bb5 Bd7 8.
Bd6 Be7 9. Bxc6 Bxc6 10. Qxd4 Bxe4 11. Bxe7 Qxd4 12. Nxd4 Nxe7 13. O-O O-O 14.
Rfe1 Bc6 15. Rad1 h6 16. Nxc6 Nxc6 17. Rd7 b6 18. g3 Rfd8 19. Rc7 Nb4 20. Re4
Na6 21. Rc6 Nc5 22. Rf4 Rac8 23. Rxc8 Rxc8 24. Rc4 Rd8 25. b4 Na6 26. a3 Kf8 27.
Rc6 Ke7 28. b5 Nc5 29. Kg2 Rd7 30. h4 Nb7 31. f4 Nd6 32. a4 Nf5 33. c4 Kd8 34.
Kh3 Nd4 0-1

[Event "AUTO-MASTER-2705"]
[Site "http://www.queenalice.com/game.php?id=1519942"]
[Date "2018.3.17"]
[Round "1"]
[White "al93oliveira"]
[Black "ocbruno"]
[Result "1-0"]
[WhiteElo "2293"]
[BlackElo "2174"]

1. e4 e5 2. Nf3 Nc6 3. Bb5 d6 4. d4 a6 5. Bxc6+ bxc6 6. dxe5 Bg4 7. exd6 cxd6 8.
O-O Nf6 9. Nc3 Be7 10. Qd3 O-O 11. Nd4 c5 12. Nc6 Qc7 13. Nxe7+ Qxe7 14. Bg5 Qe6
15. f3 Bh5 16. Ne2 h6 17. Nf4 Qe5 18. Bxf6 Qxf4 19. Be7 Rfe8 20. Bxd6 Qf6 21. e5
Qd8 22. Qc4 Re6 23. g4 Bg6 24. f4 Bh7 25. f5 Re8 26. Rae1 Qb6 27. e6 fxe6 28.
Rxe6 Kh8 29. Bxc5 Qc7 30. f6 Rxe6 31. fxg7+ Kg8 32. Qxe6+ Kxg7 33. Bd4+ 1-0

[Event "AUTO-MASTER-2705"]
[Site "http://www.queenalice.com/game.php?id=1519943"]
[Date "2018.3.17"]
[Round "1"]
[White "ocbruno"]
[Black "al93oliveira"]
[Result "1-0"]
[WhiteElo "2154"]
[BlackElo "2312"]

1. e4 c5 2. Nf3 e6 3. c4 b6 4. Nc3 Bb7 5. d4 cxd4 6. Nxd4 Bb4 7. Nb5 Nf6 8. Nd6+
Bxd6 9. Qxd6 Nxe4 10. Nxe4 Bxe4 11. Qe5 d5 12. Qxg7 Rf8 13. Bh6 Qd6 14. Qxf8+
1-0

[Event "AUTO-MASTER-2705"]
[Site "http://www.queenalice.com/game.php?id=1519954"]
[Date "2018.3.17"]
[Round "1"]
[White "ocbruno"]
[Black "abelhm"]
[Result "1-0"]
[WhiteElo "2171"]
[BlackElo "2225"]

1. e4 e6 2. Nf3 d5 3. exd5 exd5 4. d4 Be6 5. Ne5 Nd7 6. Bd3 Bd6 7. Bf4 Nxe5 8.
dxe5 Bb4+ 9. c3 Bc5 10. O-O Ne7 11. a4 h6 12. b4 Bxb4 13. cxb4 O-O 14. Ra3 Rc8
15. Qh5 f5 16. exf6 Rxf6 17. Be5 Rf8 18. Bc2 Nf5 19. Qg6 1-0

[Event "AUTO-MASTER-2705"]
[Site "http://www.queenalice.com/game.php?id=1519955"]
[Date "2018.3.17"]
[Round "1"]
[White "abelhm"]
[Black "ocbruno"]
[Result "1-0"]
[WhiteElo "2172"]
[BlackElo "2140"]

1. e4 e5 2. Nf3 Nc6 3. Nc3 Nf6 4. d4 exd4 5. Nxd4 Bc5 6. Nxc6 bxc6 7. Bg5 O-O 8.
Qf3 Be7 9. Bd3 d6 10. Rd1 Bg4 11. Qg3 Bxd1 12. Kxd1 Rb8 13. b3 Nh5 14. Bxe7 Nxg3
15. Bxd8 Nxh1 16. Bxc7 Rb7 17. Bxd6 Rd8 18. Bc5 Nxf2+ 19. Bxf2 Rd6 20. Ke2 a5
21. Bg3 Rd4 22. Ke3 Rd8 23. Ne2 Re8 24. Kf3 a4 25. Nd4 axb3 26. axb3 c5 27. Nf5
Ra7 28. Bf2 Rc7 29. Nd6 Ree7 30. Nb5 Rc8 31. Nc3 f6 32. Na4 Re5 33. Nb6 Rc6 34.
Nd7 Re7 35. Nxc5 g5 36. b4 Re5 37. Bd4 g4+ 38. Kxg4 Rg5+ 39. Kf3 Kf7 40. g3 Rd6
41. Be3 Rg7 42. b5 Kf8 43. Bh6 1-0

[Event "AUTO-MASTER-2647"]
[Site "http://www.queenalice.com/game.php?id=1521337"]
[Date "2018.3.27"]
[Round "2"]
[White "ocbruno"]
[Black "tewald"]
[Result "0-1"]
[WhiteElo "2155"]
[BlackElo "2057"]

1. e4 e6 2. Nf3 d5 3. exd5 exd5 4. d4 c5 5. dxc5 Bxc5 6. Bb5+ Nc6 7. O-O Ne7 8.
Bf4 a6 9. Bd3 O-O 10. Ng5 Ng6 11. Bd2 h6 12. Nf3 Bg4 13. h3 Be6 14. a3 b5 15.
Nc3 Nce5 16. Nxe5 Nxe5 17. Ne2 Nxd3 18. cxd3 Qf6 19. Rc1 Rac8 20. b4 Bb6 21. Ng3
Qg6 22. Be3 Bxe3 23. fxe3 Qxg3 24. Rf3 Qd6 25. d4 Rxc1 26. Qxc1 Rc8 27. Qe1 Rc4
28. Qh4 Rc3 29. Rg3 Kh7 30. Rf3 Rxa3 31. Qe1 Qb6 32. Qb1+ g6 33. Qf1 Kg7 34. h4
a5 35. g4 axb4 36. h5 g5 37. Rf6 Rxe3 38. Rxh6 Qxd4 39. Rg6+ fxg6 40. h6+ Kxh6
41. Qf8+ Kh7 42. Qe7+ Kh8 43. Qf8+ Kh7 44. Qe7+ Qg7 0-1

[Event "AUTO-MASTER-2647"]
[Site "http://www.queenalice.com/game.php?id=1521338"]
[Date "2018.3.27"]
[Round "2"]
[White "tewald"]
[Black "ocbruno"]
[Result "0-1"]
[WhiteElo "2033"]
[BlackElo "2176"]

1. d4 d5 2. Bf4 Nf6 3. e3 Nc6 4. c3 Bf5 5. Nd2 e6 6. Ngf3 Ne4 7. Nxe4 Bxe4 8.
Nd2 Bd6 9. Bg3 Bxg3 10. hxg3 Bg6 11. f4 h6 12. Nf3 Qd6 13. Bd3 Bxd3 14. Qxd3 a6
15. Ne5 Nxe5 16. fxe5 Qe7 17. O-O-O b5 18. e4 c6 19. exd5 cxd5 20. Rd2 Kd7 21.
Qf3 Rhc8 22. g4 Rc7 23. g3 Rac8 24. Rc2 b4 25. Rf1 bxc3 26. Qxf7 cxb2+ 27. Kb1
Rxc2 28. Qxe7+ Kxe7 0-1

[Event "AUTO-MASTER-2647"]
[Site "http://www.queenalice.com/game.php?id=1521339"]
[Date "2018.3.27"]
[Round "2"]
[White "ocbruno"]
[Black "HakunaMatata"]
[Result "0-1"]
[WhiteElo "2166"]
[BlackElo "2199"]

1. e4 e6 2. Nf3 d5 3. exd5 exd5 4. d4 Nc6 5. Bb5 a6 6. Bxc6+ bxc6 7. O-O Nf6 8.
Re1+ Be6 9. Ng5 Qd6 10. Qe2 Kd7 11. Be3 h6 12. Nf3 g5 13. Nc3 Bg7 14. Na4 Ne4
15. Nc5+ Nxc5 16. dxc5 Qe7 17. c3 f5 18. Bd4 Rhe8 19. Bxg7 Qxg7 20. Ne5+ Kc8 21.
Qh5 Bd7 22. Nxd7 Kxd7 23. f4 Rxe1+ 24. Rxe1 Rg8 25. fxg5 hxg5 26. Qe2 Qf7 27.
Qxa6 Re8 28. Qf1 Re4 29. Rxe4 dxe4 30. g3 f4 31. gxf4 gxf4 32. Qh3+ Ke7 33. Qc8
Kf6 34. Qg4 Ke5 35. a4 Kd5 36. Qd1+ Ke5 37. Qd4+ Kf5 38. a5 f3 39. Kf2 Qh7 40.
h3 Qh4+ 41. Kf1 Qxh3+ 42. Ke1 Qh1+ 43. Kd2 Qg2+ 44. Kc1 f2 0-1

[Event "AUTO-MASTER-2647"]
[Site "http://www.queenalice.com/game.php?id=1521340"]
[Date "2018.3.27"]
[Round "2"]
[White "HakunaMatata"]
[Black "ocbruno"]
[Result "1-0"]
[WhiteElo "2183"]
[BlackElo "2186"]

1. e4 e5 2. d4 d6 3. dxe5 Nc6 4. exd6 Bxd6 5. Nf3 Bg4 6. Be2 Nf6 7. Bg5 Bxf3 8.
Bxf3 Be5 9. Qxd8+ Rxd8 10. c3 O-O 11. Nd2 Rd6 12. O-O-O Nd7 13. Nc4 Rxd1+ 14.
Rxd1 Nc5 15. Nxe5 Nxe5 16. Kc2 b6 17. Be7 Re8 18. Bxc5 Nxf3 19. gxf3 bxc5 20.
Rd5 c4 21. Rc5 Re7 22. Rxc4 f5 23. Kd3 f4 24. b4 Kf7 25. Rc5 g6 26. a4 h5 27. h4
Kf6 28. Kd4 Rd7+ 29. Rd5 Rxd5+ 30. Kxd5 g5 31. e5+ Kf5 32. e6 Kg6 33. Kc6 gxh4
34. Kd7 Kg5 35. e7 h3 36. e8=Q h4 37. Qe5+ 1-0

[Event "AUTO-MASTER-2632"]
[Site "http://www.queenalice.com/game.php?id=1526057"]
[Date "2018.5.4"]
[Round "2"]
[White "ArmandoFda"]
[Black "ocbruno"]
[Result "1-0"]
[WhiteElo "2641"]
[BlackElo "2128"]

1. d4 d5 2. c4 Nf6 3. cxd5 Qxd5 4. Nc3 Qa5 5. Bd2 e6 6. e4 Bb4 7. e5 Nd5 8. a3
Bxc3 9. bxc3 Bd7 10. c4 Qb6 11. cxd5 Qxd4 12. dxe6 Qxe5+ 13. Be2 Bxe6 14. Nf3
Qd6 15. Qc2 Nc6 16. O-O Nd4 17. Qa4+ Nc6 18. Bb4 Qd7 19. Rfd1 Bd5 20. Bb5 O-O-O
21. Ne5 Qe6 22. Nxc6 Bxc6 23. Qxa7 b6 24. Ba6+ 1-0

[Event "AUTO-MASTER-2632"]
[Site "http://www.queenalice.com/game.php?id=1526058"]
[Date "2018.5.4"]
[Round "2"]
[White "ocbruno"]
[Black "ArmandoFda"]
[Result "0-1"]
[WhiteElo "2129"]
[BlackElo "2622"]

1. e4 c5 2. Nf3 e6 3. c4 Nc6 4. Nc3 Nd4 5. Be2 Ne7 6. O-O Nec6 7. d3 a6 8. e5
Be7 9. Nxd4 cxd4 10. Ne4 Nxe5 11. f4 Ng6 12. Qa4 O-O 13. b4 d5 14. Ng3 dxc4 15.
dxc4 d3 16. Rd1 Qd4+ 17. Kh1 dxe2 18. Nxe2 Qxa1 19. Bd2 Qb2 20. Kg1 Rd8 21. Qb3
Rxd2 0-1

[Event "AUTO-MASTER-2632"]
[Site "http://www.queenalice.com/game.php?id=1526061"]
[Date "2018.5.4"]
[Round "2"]
[White "ocbruno"]
[Black "CNJEDUARDO"]
[Result "1-0"]
[WhiteElo "2138"]
[BlackElo "2092"]

1. e4 e5 2. Nc3 c6 3. Nf3 Qc7 4. Bc4 h6 5. O-O g5 6. d4 Bg7 7. d5 d6 8. Be3 c5
9. a3 Bg4 10. Bb5+ Nd7 11. Be2 Ngf6 12. h3 Bh5 13. Nb5 Qb8 14. Nd2 Bg6 15. c4
1-0

[Event "AUTO-MASTER-2632"]
[Site "http://www.queenalice.com/game.php?id=1526062"]
[Date "2018.5.4"]
[Round "2"]
[White "CNJEDUARDO"]
[Black "ocbruno"]
[Result "0-1"]
[WhiteElo "2105"]
[BlackElo "2127"]

1. d4 d5 2. c4 c6 3. cxd5 cxd5 4. Nf3 Nf6 5. Nc3 Nc6 6. e3 Bg4 7. Be2 e6 8. O-O
Bd6 9. h3 Bxf3 10. Bxf3 O-O 11. b3 Rc8 12. Bb2 a6 13. Rc1 Bc7 0-1

[Event "AUTO-MASTER-2643"]
[Site "http://www.queenalice.com/game.php?id=1534952"]
[Date "2018.7.16"]
[Round "2"]
[White "Zorychta"]
[Black "ocbruno"]
[Result "1-0"]
[WhiteElo "2434"]
[BlackElo "2137"]

1. e4 c5 2. c3 e5 3. Nf3 Nc6 4. d4 cxd4 5. cxd4 Bb4+ 6. Bd2 Qb6 7. Bxb4 Qxb4+ 8.
Nc3 exd4 9. a3 Qe7 10. Nxd4 d6 11. Ndb5 d5 12. Be2 Be6 13. Nxd5 Bxd5 14. exd5
1-0

[Event "AUTO-MASTER-2643"]
[Site "http://www.queenalice.com/game.php?id=1534953"]
[Date "2018.7.16"]
[Round "2"]
[White "ocbruno"]
[Black "Zorychta"]
[Result "0-1"]
[WhiteElo "2140"]
[BlackElo "2432"]

1. e4 d6 2. d4 Nf6 3. Nc3 g6 4. Be3 c6 5. Bg5 Bg7 6. e5 dxe5 7. dxe5 Qxd1+ 8.
Rxd1 Ng4 9. Nf3 Nxe5 10. Nxe5 Bxe5 11. Bh6 Be6 12. Be2 Nd7 13. O-O O-O-O 14. f4
Bf6 0-1

[Event "AUTO-MASTER-2853"]
[Site "http://www.queenalice.com/game.php?id=1573574"]
[Date "2019.6.7"]
[Round "1"]
[White "Eduardomoreto67"]
[Black "ocbruno"]
[Result "1/2-1/2"]
[WhiteElo "2180"]
[BlackElo "2141"]

1. d4 d5 2. c4 Nf6 3. cxd5 Nxd5 4. Nc3 e6 5. e4 Nb6 6. Nf3 Bb4 7. a3 Bxc3+ 8.
bxc3 O-O 9. Be2 Nc6 10. Be3 Qe7 11. O-O Bd7 12. c4 Na5 13. c5 Nbc4 14. Bxc4 Nxc4
15. Qe2 Bb5 16. Rfc1 Nxe3 17. Qxb5 c6 18. Qb3 Ng4 19. h3 Nf6 20. e5 Nd5 21. a4
Nf4 22. Qe3 Nd5 23. Qd2 1/2-1/2

[Event "AUTO-MASTER-2853"]
[Site "http://www.queenalice.com/game.php?id=1573575"]
[Date "2019.6.7"]
[Round "1"]
[White "ocbruno"]
[Black "Eduardomoreto67"]
[Result "0-1"]
[WhiteElo "2138"]
[BlackElo "2178"]

1. e4 e6 2. Nf3 c5 3. d4 d5 4. e5 cxd4 5. Nxd4 Nc6 6. Bb5 Bd7 7. c3 Nxe5 8. Bf4
Ng6 9. Be3 Bxb5 10. Nxb5 a6 11. Nd4 Nf6 12. O-O Bd6 13. Nd2 O-O 14. Bg5 h6 15.
Bxf6 Qxf6 16. N4f3 Nf4 17. g3 Nd3 18. Qc2 Nc5 19. Kg2 b5 20. b4 Na4 21. Nd4 Rac8
22. Nb1 Nxc3 23. Qd3 Bxb4 24. Nd2 Bc5 25. N4f3 Na4 26. Rae1 Bb6 27. Ne5 Qe7 28.
Ndf3 Rc3 29. Qd2 Rfc8 30. Rc1 Rxc1 31. Rxc1 Rxc1 32. Qxc1 Qc7 33. Nc6 f6 34. Nh4
a5 35. Ng6 Bc5 36. Nd4 Qf7 37. Nb3 Qxg6 38. Nxc5 Nxc5 39. Qxc5 Qe4+ 40. Kh3 Qc4
41. Qd6 d4 42. Qd8+ Kh7 43. Kh4 f5 44. Qe8 Qe2 45. Kh3 Qf1+ 0-1

[Event "AUTO-MASTER-2853"]
[Site "http://www.queenalice.com/game.php?id=1573590"]
[Date "2019.6.7"]
[Round "1"]
[White "chessman"]
[Black "ocbruno"]
[Result "1/2-1/2"]
[WhiteElo "1932"]
[BlackElo "2142"]

1. e4 e5 2. Nf3 Nc6 3. Bb5 Nf6 4. O-O Bc5 5. Qe2 a6 6. Ba4 d5 7. Nxe5 O-O 8.
Nxc6 bxc6 9. Bxc6 Rb8 10. exd5 Nxd5 11. Qc4 Qd6 12. Qxd5 Qe7 13. Qf3 Rd8 14. c3
Bd6 15. d4 a5 16. Bf4 Ba6 17. Rc1 Rxb2 18. Nd2 Qf6 19. Bxd6 Qxf3 20. Nxf3 cxd6
21. Ba4 Rc8 22. Bb3 Bc4 23. Rc2 Rxc2 24. Bxc2 Bd5 25. Rb1 Bxa2 26. Rb2 Bd5 27.
Bb3 Rb8 28. Nd2 a4 29. c4 Be6 30. d5 Bf5 31. f3 g5 32. Kf2 h5 33. Ke3 Kf8 34.
Kd4 Ke7 35. Kc3 axb3 36. Rxb3 Ra8 37. Ne4 Bxe4 38. fxe4 f6 39. Rb2 Ra1 40. Rd2
Ra3+ 41. Kd4 Ra1 42. h3 1/2-1/2

[Event "AUTO-MASTER-2853"]
[Site "http://www.queenalice.com/game.php?id=1573591"]
[Date "2019.6.7"]
[Round "1"]
[White "ocbruno"]
[Black "chessman"]
[Result "1-0"]
[WhiteElo "2134"]
[BlackElo "1974"]

1. e4 e6 2. Nf3 d5 3. exd5 exd5 4. d4 Nf6 5. Nc3 c6 6. Bd3 Be7 7. Bf4 O-O 8. Qd2
Bb4 9. O-O Re8 10. Rae1 Be6 11. a3 Bd6 12. Bxd6 Qxd6 13. Ne5 Nbd7 14. f4 a6 15.
f5 1-0

[Event "AUTO-MASTER-2853"]
[Site "http://www.queenalice.com/game.php?id=1573602"]
[Date "2019.6.7"]
[Round "1"]
[White "ocbruno"]
[Black "cerenzo72"]
[Result "1-0"]
[WhiteElo "2125"]
[BlackElo "2158"]

1. e4 e6 2. Nf3 c5 3. d4 cxd4 4. Nxd4 Nc6 5. Be3 Nf6 6. Nc3 Bb4 7. Nxc6 bxc6 8.
Bd3 d5 9. O-O Bxc3 10. bxc3 dxe4 11. Bc4 Qc7 12. Bc5 Nd7 13. Bd6 Qd8 14. Rb1 Nb6
15. Bb3 a5 16. Qd4 f6 17. a4 Nd5 18. Bc5 e5 19. Qd2 Be6 20. Bxd5 cxd5 21. Rb7
Qc8 22. Re7+ Kd8 23. Ba3 g5 24. Qe3 Qa6 25. Rb1 Bd7 26. Qc5 Qc6 27. Qe3 Kc7 28.
Rxd7+ Kxd7 29. Rb6 Qc7 30. Qh3+ Kd8 31. Rd6+ Ke8 32. Qe6+ Qe7 33. Rd8+ Kxd8 34.
Qxe7+ Kc8 35. Bd6 1-0

[Event "AUTO-MASTER-2853"]
[Site "http://www.queenalice.com/game.php?id=1573603"]
[Date "2019.6.7"]
[Round "1"]
[White "cerenzo72"]
[Black "ocbruno"]
[Result "1-0"]
[WhiteElo "2164"]
[BlackElo "2136"]

1. c4 e5 2. Nc3 Nf6 3. e4 Bc5 4. Nf3 d6 5. Be2 Be6 6. d4 Bxd4 7. Nxd4 exd4 8.
Qxd4 Nc6 9. Qd2 Ne5 10. b3 Qe7 11. O-O O-O-O 12. Bb2 Nfd7 13. Qe3 Kb8 14. a4 c5
15. Rad1 a6 16. f4 Ng4 17. Qg3 Ndf6 18. f5 Bxf5 19. Rxf5 Nh6 20. Rf2 Rhg8 21.
Bf3 Rd7 22. Rfd2 Ne8 23. e5 Nf5 24. Qe1 Nd4 25. Nd5 Qg5 26. Bxd4 cxd4 27. exd6
Rxd6 28. Rxd4 Rg6 29. Nf4 Rf6 30. Rd8+ Ka7 31. Qe3+ Rb6 32. c5 Rb4 33. c6+ 1-0